LEADER 01640nam a2200337 u 4500 001 000000111070 003 CaOOAMICUS 005 20080407115027.0 008 080407s2008 it u000 u ita u 020 $z978-88-6132-147-2* 040 $aPUL$bita$dMCT 110 1 $aItalia.$kLeggi, statuti, ecc.$0(OLS)http://pul/name/10145 240 10$aCodice di procedura penale$9(Italia).$0(OLS)http://pul/title/69944 245 10$aCodice di procedura penale e il processo penale minorile commentati con la giurisprudenza /$ca cura di Piermaria Corso. 250 $a25. ed. 260 $aPiacenza :$bLa Tribuna,$c2008. 300 $a2284 p. ;$c21 cm. 490 1 $aI codici commentati con la giurisprudenza 500 $aContiene indici. 630 04$aCodice di procedura penale$zItalia.$0(OLS)http://pul/subject/20312 650 4$aProcedura penale$zItalia.$0(OLS)http://pul/subject/12686 650 4$aDiritto minorile.$0(OLS)http://pul/subject/17921 650 4$aProcesso penale.$0(OLS)http://pul/subject/24333 700 1 $aCorso, Piermaria.$0(OLS)http://pul/name/35334 830 2$aI codici commentati con la giurisprudenza.$0(OLS)http://pul/title/135813 850 $aPUL 852 $aPUL$W1$xDP2 Diritto e Scienze Sociali 3$y110$m348. 45 BCOLL 2.17$j127326$qDDC 21$B126033$CPULBib$Z2$F126033 $H106902 $82 941 1 $a9 996 $6020$z978-88-6132-147-2*$9(OLS)http://pul/number/137652 996 $6245$aCodice di procedura penale e il processo penale minorile commentati con la giurisprudenza$9(OLS)http://pul/title/139634 996 $6260$aPiacenza :$bLa Tribuna$9(OLS)http://pul/publisher/69734 LEADER 01391nam a2200277 a 4500 001 000000175794 003 CaOOAMICUS 005 20230220155451.0 008 230220s2022 be a u000 u fre r 020 $z978-2-503-60241-7* 032 $aLibriCat 040 $aPUL$bita 245 03$aLe collège sacerdotal avestique et ses dieux : $baux origines indo-iraniennes d'une tradition mimétique (mythologica Indo-Iranica II) /$cAntonio C.D. Panaino. 260 $aTurnhout :$bBrepols,$c©2022. 300 $a328 p. :$aill.;$c24 cm 490 1 $aBibliothèque de l'Ecole des hautes études. Sciences religieuses ;$v195 504 $aInclude riferimenti bibliografici ed indice 650 4$aMonoteismo$xreligioni comparate.$0(OLS)http://pul/subject/45847 830 0$aBibliothèque de l'Ecole des hautes études.$pSciences religieuses ;$v195.$0(OLS)http://pul/title/13429 850 $aPUL 852 $aPUL$W1$xSL Religione 1$y3$m52 I 195$j199956$qStampati$B204738$CPULBib$Z2$F204738 $H136087 $82 941 1 $a8 996 $6020$z978-2-503-60241-7*$9(OLS)http://pul/number/169060 996 $6245$aLe collège sacerdotal avestique et ses dieux : $baux origines indo-iraniennes d'une tradition mimétique (mythologica Indo-Iranica II)$9(OLS)http://pul/title/217254 996 $6260$aTurnhout :$bBrepols$9(OLS)http://pul/publisher/47850